[Event "Clark Harmon Memorial 8th"]
[Site "Seattle"]
[Date "2014.05.03"]
[Round "3"]
[White "Nicoski, Aaron Michael"]
[Black "Anthony, Ralph J"]
[Result "0-1"]
[WhiteElo "1775"]
[BlackElo "1671"]
[PlyCount "78"]
[EventDate "2014.05.03"]
[EventType "swiss"]
[EventRounds "5"]
[EventCountry "USA"]
[SourceTitle "EXT 2017"]
[Source "ChessBase"]
[SourceDate "2016.10.25"]
[SourceVersion "1"]
[SourceVersionDate "2016.10.25"]
[SourceQuality "1"]

1. d4 Nf6 2. Bf4 g6 3. e3 c5 4. c3 b6 5. Nd2 Ba6 6. Bxa6 Nxa6 7. Ngf3 Bg7 8. 0-0 Nh5 9. Be5 0-0 10. Bxg7 Kxg7 11. Qe2 Nc7 12. e4 cxd4 13. cxd4 d6 14. Rac1 Rc8 15. Rc3 Qd7 16. Rfc1 Nf4 17. Qe3 Qg4 18. g3 Ncd5 19. exd5 Nxd5 20. Qd3 Nxc3 21. bxc3 Rc7 22. d5 Qa4 23. Qd4+ Qxd4 24. Nxd4 Rc5 25. c4 a6 26. Nc6 b5 27. Nxe7 bxc4 28. Rxc4 Rxc4 29. Nxc4 Re8 30. Nc6 Re1+ 31. Kg2 Rd1 32. Ne3 Ra1 33. Nc4 Rxa2 34. Nxd6 Rd2 35. Ne7 Kf8 36. Ndc8 a5 37. d6 a4 38. Nc6 a3 39. Nb4 Ke8 0-1

[Event "Clark Harmon Memorial 7th"]
[Site "Portland"]
[Date "2013.04.13"]
[Round "2"]
[White "Tezcan, Yaman"]
[Black "Nicoski, Aaron Michael"]
[Result "1-0"]
[WhiteElo "2036"]
[BlackElo "1768"]
[PlyCount "85"]
[EventDate "2013.04.13"]
[EventType "swiss"]
[EventRounds "5"]
[EventCountry "USA"]
[SourceTitle "EXT 2017"]
[Source "ChessBase"]
[SourceDate "2016.10.25"]
[SourceVersion "1"]
[SourceVersionDate "2016.10.25"]
[SourceQuality "1"]

1. d4 Nf6 2. Bg5 e6 3. e3 d5 4. Nf3 Be7 5. c4 c6 6. Nc3 Nbd7 7. Bd3 h6 8. Bh4 0-0 9. 0-0 dxc4 10. Bxc4 Nb6 11. Bd3 Nfd5 12. Bg3 c5 13. Rc1 cxd4 14. exd4 Bd7 15. Bb1 Nf6 16. Qd3 Bc6 17. Ne5 Rc8 18. Ng4 Nbd7 19. Bh4 g6 20. Nxh6+ Kg7 21. Nxf7 Rxf7 22. Qxg6+ Kf8 23. Bg5 Ng4 24. Bxe7+ Qxe7 25. Qxg4 Bxg2 26. Qxg2 Rg7 27. Bg6 Qf6 28. Kh1 Rxg6 29. Qxb7 Rb8 30. Qe4 Rxb2 31. Ne2 Nb6 32. Nf4 Rh6 33. Rc6 Rxh2+ 34. Kxh2 Qh4+ 35. Kg1 Qg4+ 36. Qg2 Qxf4 37. Rxe6 Rb5 38. Rg6 Qxd4 39. Rg8+ Kf7 40. Qg6+ Ke7 41. Re1+ Kd7 42. Rg7+ Kd8 43. Re8# 1-0